Understanding economics /

Guardado en:
Detalles Bibliográficos
Autor principal: Smith, Harlan M.
Formato: Libro
Publicado: Armonk, N.Y. : M.E. Sharpe, c1999.
Materias:
Etiquetas: Agregar Etiqueta
Sin Etiquetas, Sea el primero en etiquetar este registro!

MARC

LEADER 00000cam a22000004a 4500
020 |a 0765604833  |c TZs 3000/= 
040 |a MUL  |b eng.  |e AACR 
082 0 0 |a 330 SMI 
100 1 |a Smith, Harlan M., 
245 1 0 |a Understanding economics /  |c Harlan M. Smith. 
260 |a Armonk, N.Y. :  |b M.E. Sharpe,  |c c1999. 
300 |a ix, 188 p. :  |b ill. ;  |c 24 cm. 
504 |a Includes bibliographical references (p. 181-182) and index. 
546 |a eng. 
650 0 |a Economics. 
942 |c BK 
999 |c 7737  |d 7737